|
|
|
|
| LEADER |
00000nam0a2200000 4500 |
| 001 |
326838 |
| 005 |
20231102003912.0 |
| 035 |
|
|
|a (RuTPU)RU\TPU\book\352498
|
| 090 |
|
|
|a 326838
|
| 100 |
|
|
|a 20170117d1970 km y0rusy50 ca
|
| 101 |
0 |
|
|a rus
|
| 102 |
|
|
|a RU
|
| 105 |
|
|
|a a z 001zy
|
| 200 |
1 |
|
|a Автоматизация пламенных печей в машиностроении
|f А. В. Васильев, И. К. Энно
|
| 210 |
|
|
|a Москва
|c Металлургия
|d 1970
|
| 215 |
|
|
|a 232 с.
|c ил.
|
| 320 |
|
|
|a Библиогр.: с. 230-232
|
| 606 |
1 |
|
|a Нагревательные печи
|x Автоматическое управление
|x Автоматизация
|2 stltpush
|3 (RuTPU)RU\TPU\subj\44734
|9 64014
|
| 610 |
1 |
|
|a автоматизация
|
| 610 |
1 |
|
|a пламенные печи
|
| 610 |
1 |
|
|a машиностроение
|
| 610 |
1 |
|
|a термические печи
|
| 610 |
1 |
|
|a топливо
|
| 610 |
1 |
|
|a тепловые режимы
|
| 610 |
1 |
|
|a регулирование
|
| 610 |
1 |
|
|a измерение
|
| 610 |
1 |
|
|a контроль
|
| 675 |
|
|
|a 621.783.2-52
|v 4
|
| 700 |
|
1 |
|a Васильев
|b А. В.
|g Артем Владимирович
|
| 701 |
|
1 |
|a Энно
|b И. К.
|g Игорь Константинович
|
| 801 |
|
1 |
|a RU
|b 63413507
|c 20170117
|
| 801 |
|
2 |
|a RU
|b 63413507
|c 20170119
|g RCR
|
| 942 |
|
|
|c BK
|